| 000 | 00357nam a2200133Ia 4500 | ||
|---|---|---|---|
| 008 | 240624s9999 xx 000 0 und d | ||
| 041 | _aeng | ||
| 082 | _a823 BAG | ||
| 100 | _aBAGCHI SUBROTO | ||
| 245 | _aZEN GARDEN CONVERSATIONS WITH PATHMAKERS | ||
| 260 |
_c2013 _aNew Delhi _bPortfolio Penguin |
||
| 300 | _axiv, : 328 : p. : cm. ; 20 | ||
| 365 |
_cRS _b25 |
||
| 999 |
_c23902 _d23902 |
||